[Event "4NCL Division 1d"]
[Site "Hinckley Island ENG"]
[Date "2015.05.03"]
[Round "10.181"]
[White "Fernandez, Daniel H"]
[Black "Pitcher, John"]
[Result "1/2-1/2"]
[WhiteElo "2456"]
[BlackElo "2256"]
[PlyCount "96"]
[EventDate "2015.05.03"]
[WhiteTeam "e2e4.org.uk 1"]
[BlackTeam "Warwickshire Select 1"]

1. d4 d5 2. Nf3 Nf6 3. c4 c6 4. Nc3 a6 5. a4 e6 6. cxd5 cxd5 7. e3 Nc6 8. Be2
Bd6 9. O-O O-O 10. Bd2 Bd7 11. Ne1 Rc8 12. Nd3 e5 13. dxe5 Nxe5 14. Be1 Bc6 15.
Nf4 Ng6 16. Nxg6 hxg6 17. Bf3 Qe7 18. g3 Be5 19. Ne2 Bxb2 20. Rb1 Be5 21. Bb4
Bd6 22. Qb3 Bxb4 23. Qxb4 Qxb4 24. Rxb4 a5 25. Rb2 Nd7 26. Nd4 Nc5 27. Nxc6
bxc6 28. Rb6 Nxa4 29. Ra6 Nb2 30. Rb1 Nc4 31. Be2 Nd2 32. Rb2 Ne4 33. Rxa5 Ra8
34. Rba2 Rxa5 35. Rxa5 Rc8 36. Bd3 Nf6 37. Kf1 Kf8 38. Ke2 g5 39. Ra7 g6 40.
Bc2 Kg7 41. h3 c5 42. Kd2 Rh8 43. Rc7 Rxh3 44. Rxc5 Rh2 45. Ke1 Ng4 46. Rxd5
Rxf2 47. Rxg5 Rxc2 48. Rxg4 f5 1/2-1/2

[Event "4NCL Division 1d"]
[Site "Hinckley Island ENG"]
[Date "2015.05.03"]
[Round "10.182"]
[White "Thomas, Nick"]
[Black "Conquest, Stuart C"]
[Result "0-1"]
[WhiteElo "2261"]
[BlackElo "2496"]
[PlyCount "84"]
[EventDate "2015.05.03"]
[WhiteTeam "Warwickshire Select 1"]
[BlackTeam "e2e4.org.uk 1"]

1. e4 c5 2. Nc3 d6 3. g3 g6 4. Bg2 Bg7 5. d3 Nc6 6. f4 e6 7. Nf3 Nge7 8. O-O
O-O 9. Be3 Nd4 10. e5 Nef5 11. Bf2 Bd7 12. Ne4 Bc6 13. c3 Nxf3+ 14. Qxf3 Rc8
15. Rfd1 b6 16. d4 d5 17. Nd2 Qe7 18. Bf1 f6 19. g4 Nxd4 20. cxd4 fxe5 21. dxe5
Bxe5 22. fxe5 Rxf3 23. Nxf3 d4 24. Bg2 Qb7 25. Ne1 Bxg2 26. Nxg2 Qe4 27. Bg3
Qxg4 28. Rf1 Rf8 29. Rf6 d3 30. Raf1 Rxf6 31. exf6 Kf7 32. Ne3 Qd4 33. Bf2 h5
34. h3 Qe4 35. Nd1 Qf3 36. h4 Qg4+ 37. Kh2 Qe4 38. Nc3 Qc4 39. Bg3 e5 40. a4 a6
41. Bxe5 Qxh4+ 42. Kg2 Qg5+ 0-1

[Event "4NCL Division 1d"]
[Site "Hinckley Island ENG"]
[Date "2015.05.03"]
[Round "10.183"]
[White "Longson, Alexander"]
[Black "Lawton, Geoff"]
[Result "1/2-1/2"]
[WhiteElo "2332"]
[BlackElo "2252"]
[PlyCount "83"]
[EventDate "2015.05.03"]
[WhiteTeam "e2e4.org.uk 1"]
[BlackTeam "Warwickshire Select 1"]

1. d4 Nf6 2. Nf3 g6 3. c4 Bg7 4. g3 O-O 5. Bg2 d6 6. O-O c6 7. Nc3 Qa5 8. h3 e5
9. dxe5 dxe5 10. Qc2 Bf5 11. e4 Be6 12. b3 h6 13. Bb2 Nbd7 14. Nh4 Rfe8 15. Nf5
Bf8 16. Rad1 Qc7 17. Ne3 Bc5 18. Bc1 Nf8 19. Ne2 Rad8 20. Kh2 Rxd1 21. Rxd1 Bc8
22. Qb2 Qe7 23. Bd2 Rd8 24. Bc3 Bxe3 25. Rxd8 Qxd8 26. fxe3 N6d7 27. Bxe5 Nxe5
28. Qxe5 Qd2 29. Nf4 Qxa2 30. Qb8 Bd7 31. Qxb7 a5 32. e5 a4 33. bxa4 Qxa4 34.
c5 Qc2 35. Qb4 Ne6 36. Nxe6 Bxe6 37. Qd4 Bd5 38. e4 Bc4 39. Kg1 Qc1+ 40. Kf2
Qc2+ 41. Kg1 Qc1+ 42. Kf2 1/2-1/2

[Event "4NCL Division 1d"]
[Site "Hinckley Island ENG"]
[Date "2015.05.03"]
[Round "10.184"]
[White "Mason, Don"]
[Black "Jackson, James P"]
[Result "0-1"]
[WhiteElo "2192"]
[BlackElo "2311"]
[PlyCount "84"]
[EventDate "2015.05.03"]
[WhiteTeam "Warwickshire Select 1"]
[BlackTeam "e2e4.org.uk 1"]

1. e4 c5 2. Nf3 e6 3. Nc3 a6 4. d4 cxd4 5. Nxd4 Qc7 6. Bd3 Nf6 7. f4 d6 8. g4
Nc6 9. Nxc6 bxc6 10. Qe2 Be7 11. g5 Nd7 12. h4 Nc5 13. Bd2 Rb8 14. Nd1 d5 15.
e5 Bb7 16. Rc1 a5 17. h5 Qb6 18. Be3 d4 19. Bd2 Nxd3+ 20. cxd3 c5 21. Rh3 a4
22. Qh2 Bd5 23. g6 hxg6 24. hxg6 Rxh3 25. gxf7+ Kxf7 26. Qxh3 Rf8 27. Qh5+ Kg8
28. Nf2 Qb8 29. Ng4 Qe8 30. Qxe8 Rxe8 31. a3 Kf7 32. Ke2 Rb8 33. Rc2 Kg6 34.
Nf2 Kf5 35. Bc1 Rh8 36. Kf1 Rh2 37. Kg1 Rg2+ 38. Kf1 Bh4 39. Re2 Bf3 40. Rd2
Rh2 41. Kg1 Bg3 42. Ne4 Rh1# 0-1

[Event "4NCL Division 1d"]
[Site "Hinckley Island ENG"]
[Date "2015.05.03"]
[Round "10.185"]
[White "Sowray, Peter J"]
[Black "Lam, Paul"]
[Result "1-0"]
[WhiteElo "2313"]
[BlackElo "2155"]
[PlyCount "81"]
[EventDate "2015.05.03"]
[WhiteTeam "e2e4.org.uk 1"]
[BlackTeam "Warwickshire Select 1"]

1. d4 e6 2. c4 f5 3. Nc3 Nf6 4. e3 Bb4 5. Qc2 b6 6. Bd3 Bb7 7. f3 O-O 8. Nge2
c5 9. a3 Ba5 10. O-O Nc6 11. b3 a6 12. Bb2 cxd4 13. exd4 b5 14. Rad1 Bb6 15. c5
Ba7 16. b4 Ne7 17. a4 Ned5 18. Nxd5 Nxd5 19. Qd2 Bb8 20. axb5 axb5 21. Bxb5 f4
22. Ra1 Ne3 23. Rf2 Rxa1+ 24. Bxa1 Rf5 25. Nc3 Rh5 26. h3 Qe8 27. Bd3 Bc7 28.
Bb2 Bd8 29. Be4 Bc8 30. Re2 Bh4 31. b5 d5 32. cxd6 Bg3 33. b6 Nc4 34. Qd3 Nxb6
35. Ba3 Qd7 36. Bc5 Na4 37. Qc4 Nxc3 38. Qxc3 Ba6 39. Rb2 Qa4 40. Rb1 Qa2 41.
Qb2 1-0

[Event "4NCL Division 1d"]
[Site "Hinckley Island ENG"]
[Date "2015.05.03"]
[Round "10.186"]
[White "Shephard, Chris"]
[Black "Rudd, Jack"]
[Result "1/2-1/2"]
[WhiteElo "2158"]
[BlackElo "2251"]
[PlyCount "134"]
[EventDate "2015.05.03"]
[WhiteTeam "Warwickshire Select 1"]
[BlackTeam "e2e4.org.uk 1"]

1. c4 e5 2. Nc3 Nc6 3. Nf3 f5 4. d4 e4 5. Ng5 Be7 6. Nh3 Nf6 7. e3 O-O 8. Be2
Kh8 9. Nf4 Qe8 10. h4 g6 11. Bd2 d6 12. g3 Bd8 13. Rb1 Ng4 14. b4 Nb8 15. Qc2
Nf6 16. d5 c6 17. Kf1 Nbd7 18. Ne6 Rf7 19. Nxd8 Qxd8 20. dxc6 bxc6 21. Kg2 Ne5
22. Na4 d5 23. Bc3 Nf3 24. Nc5 f4 25. Rbd1 fxg3 26. fxg3 Kg8 27. Bxf3 exf3+ 28.
Kf1 Ng4 29. Qd2 Qe7 30. e4 Ba6 31. Nxa6 Qxe4 32. Nc5 Qxc4+ 33. Qd3 Re8 34. Re1
Rxe1+ 35. Bxe1 Qxa2 36. Qd2 Qb1 37. Qd3 Qb2 38. Qd2 Ne3+ 39. Kf2 Nd1+ 40. Kf1
f2 41. Qxb2 fxe1=Q+ 42. Kxe1 Nxb2 43. Ke2 Nc4 44. Ra1 Re7+ 45. Kf2 Kf7 46. Ra6
Ne5 47. Ke3 Kf6 48. Kf4 h6 49. g4 g5+ 50. hxg5+ hxg5+ 51. Kg3 Kf7 52. Ra1 Ng6
53. Ra6 Rc7 54. Nd3 Ke6 55. b5 Ne5 56. Nb4 Kd6 57. Nxc6 Nxc6 58. bxc6 Rxc6 59.
Rxa7 Rc3+ 60. Kf2 Ke5 61. Rf7 Ke4 62. Rf5 d4 63. Rxg5 Kd3 64. Rd5 Ke4 65. Rd8
d3 66. Re8+ Kf4 67. Rf8+ Kxg4 1/2-1/2

[Event "4NCL Division 1d"]
[Site "Hinckley Island ENG"]
[Date "2015.05.03"]
[Round "10.187"]
[White "Mladenov, Iliyan D"]
[Black "Fallowfield, Jeremy"]
[Result "0-1"]
[WhiteElo "2246"]
[BlackElo "2072"]
[PlyCount "106"]
[EventDate "2015.05.03"]
[WhiteTeam "e2e4.org.uk 1"]
[BlackTeam "Warwickshire Select 1"]

1. d4 e6 2. c4 f5 3. g3 Nf6 4. Bg2 Be7 5. Nf3 O-O 6. O-O d6 7. d5 e5 8. Nc3 Qe8
9. c5 Na6 10. cxd6 cxd6 11. Nd2 Bd7 12. e4 f4 13. b3 Qg6 14. Re1 fxg3 15. hxg3
Ng4 16. f3 Bd8 17. Nc4 b5 18. Nxb5 Bxb5 19. fxg4 Bd7 20. Bf3 h5 21. Be3 Bxg4
22. Bxg4 hxg4 23. Rf1 Rxf1+ 24. Qxf1 Qxe4 25. Qg2 Qd3 26. Re1 Nb4 27. Bf2 Nc2
28. Re4 Qxd5 29. Kh2 Be7 30. Bxa7 Rxa7 31. Qxc2 Rxa2 32. Qxa2 Qxe4 33. Nb6 Bg5
34. b4+ Kh7 35. Nd5 Qd3 36. b5 Bd2 37. b6 Qe2+ 38. Kh1 Qf1+ 39. Kh2 Qf2+ 40.
Kh1 Qf3+ 41. Kh2 Qf2+ 42. Kh1 Qf1+ 43. Kh2 Qh3+ 44. Kg1 Qxg3+ 45. Kh1 Qe1+ 46.
Kg2 Qe2+ 47. Kh1 Qf1+ 48. Kh2 Qf2+ 49. Kh1 Qf1+ 50. Kh2 Be1 51. Qg2 g3+ 52. Kh3
Qf5+ 53. Kh4 Kh6 0-1

[Event "4NCL Division 1d"]
[Site "Hinckley Island ENG"]
[Date "2015.05.03"]
[Round "10.188"]
[White "James, Ann-Marie"]
[Black "Norinkeviciute, Rasa"]
[Result "0-1"]
[WhiteElo "2125"]
[BlackElo "2024"]
[PlyCount "88"]
[EventDate "2015.05.03"]
[WhiteTeam "Warwickshire Select 1"]
[BlackTeam "e2e4.org.uk 1"]

1. e4 c5 2. c3 d5 3. exd5 Qxd5 4. d4 g6 5. Nf3 Bg7 6. Nbd2 cxd4 7. Bc4 Qh5 8.
Qb3 Nh6 9. cxd4 O-O 10. Ne4 Nc6 11. Ng3 Qg4 12. h3 Qd7 13. Bb5 Nxd4 14. Nxd4
Qxd4 15. O-O Nf5 16. Ne2 Qb6 17. Qa4 a6 18. Bc4 Qc5 19. Bb3 b5 20. Qe4 Qa7 21.
Bd5 Nd6 22. Qf3 Bb7 23. Be3 Bxd5 24. Qxd5 Qb7 25. Qxb7 Nxb7 26. Bd4 Rac8 27. a4
b4 28. Rac1 Bxd4 29. Nxd4 Nc5 30. Rc4 Nd3 31. Nc6 Kg7 32. b3 Rc7 33. f4 Rfc8
34. Na5 Rxc4 35. Nxc4 Nc5 36. Rf3 Nxb3 37. Nb6 Rc3 38. Nd5 Rxf3 39. gxf3 a5 40.
Kf2 Nc5 41. Ke3 Nxa4 42. Kd3 e6 43. Ne3 Nb6 44. Nc2 Nd5 0-1